Normal view MARC view

Entry Topical Term

Number of records used in: 1

001 - CONTROL NUMBER

  • control field: 7593

003 - CONTROL NUMBER IDENTIFIER

  • control field: OSt

005 - DATE AND TIME OF LATEST TRANSACTION

  • control field: 20160408140816.0

008 - FIXED-LENGTH DATA ELEMENTS

  • fixed length control field: 160408|| aca||aabn | a|a d

040 ## - CATALOGING SOURCE

  • Original cataloging agency: OSt
  • Transcribing agency: OSt

150 ## - HEADING--TOPICAL TERM

  • Topical term or geographic name entry element: Laboratory Tests

670 ## - SOURCE DATA FOUND

  • Source citation: Work cat.: (OSt): Pagana, Katheleen Deska; Pagana, Timoth J. 7592, Mosby's Manual of Diagnostic and Laboratory Tests